| 000 | 00949nam2a22002411 4500 | ||
|---|---|---|---|
| 001 | RU\NLR\INFOCOMM18\1000203699 | ||
| 005 | 20250617010800.0 | ||
| 035 | _a(NLR Aleph) 002334219 | ||
| 090 |
_a4462808 _c4462808 |
||
| 100 | _a20041022d1866 |||y0rusy50 ca | ||
| 101 | 0 | _arus | |
| 102 | _aRU | ||
| 105 | _ay ||||||||| | ||
| 200 | 1 | _a1863/1865 | |
| 210 |
_d1866 _aБ. м. |
||
| 461 | 0 |
_1001RU\NLR\INFOCOMM18\1000203693 _12001#$aЗаписки Русского бальнеологического общества в Пятигорске$vТ.1 _94462804 _aРусское бальнеологическое общество (Пятигорск) _cПятигорск _d1866-1914 _tЗаписки Русского бальнеологического общества в Пятигорске _vТ.1 |
|
| 801 | 1 |
_aRU _bInfoComm _c20041022 |
|
| 801 | 0 |
_aRU _bNLR _gPSBO |
|
| 852 |
_aNLR _j2/595 |
||
| 942 | _cISSUE | ||
| 980 | _aNB | ||
| 980 | _aRUSPER | ||